| 000 | 00576cam a22002052 4500 | ||
|---|---|---|---|
| 001 | 0000005429 | ||
| 005 | 20151217160102.0 | ||
| 008 | 070614s xx 000 0 eng d | ||
| 020 | _a8472083047 : | ||
| 040 |
_aKABU _cKABU |
||
| 050 | 0 |
_aBT302 _b.L67 |
|
| 100 | 1 |
_aLopes, Maria Augusta. _@0000156747 |
|
| 245 | 1 | 4 | _aThe Children's best friend. |
| 260 |
_aMadrid : _bEditorial Safeliz, _c2004. |
||
| 300 | _a102 p. | ||
| 908 | _a070614 | ||
| 950 | _@1 | ||
| 999 |
_c13999 _d13999 |
||